000 00437nam a2200181Ia 4500
001 20501
005 20260306172810.0
008 260306t1995||||xx |||||||||||||| ||spa||
041 _aESP
082 _a343.333
_bM27
100 _aMason, Paul
_eAUT
245 0 _aManual de Mason sobre procedimiento legislativo
260 _c1995
300 _alii, 594 páginas :
_c
650 _aGEN
654 _aCDE
942 _cLIB
_dJUS
_fJUS
_2ddc
_n
999 _c20501
_d20501